Cuchi, cuchi / (Registro nro. 4003)
[ vista simple ]
| 000 -LEADER | |
|---|---|
| fixed length control field | 00872nam a2200241Ia 4500 |
| 003 - CONTROL NUMBER IDENTIFIER | |
| control field | OSt |
| 005 - DATE AND TIME OF LATEST TRANSACTION | |
| control field | 20200330122509.0 |
| 008 - FIXED-LENGTH DATA ELEMENTS--GENERAL INFORMATION | |
| fixed length control field | 191128t2012 ck a ar 000 1 spa d |
| 020 ## - INTERNATIONAL STANDARD BOOK NUMBER | |
| International Standard Book Number | 9788426382634 |
| 040 ## - CATALOGING SOURCE | |
| Original cataloging agency | CO-JMCR |
| Transcribing agency | CO-JMCR |
| 041 ## - LANGUAGE CODE | |
| Language code of text/sound track or separate title | spa |
| 082 04 - DEWEY DECIMAL CLASSIFICATION NUMBER | |
| Classification number | A / |
| Item number | JADc |
| 100 ## - MAIN ENTRY--PERSONAL NAME | |
| Personal name | Jadoul, Émile, |
| Relator term | autora |
| 9 (RLIN) | 1988 |
| 245 00 - TITLE STATEMENT | |
| Title | Cuchi, cuchi / |
| Statement of responsibility, etc. | Émile Jadoul |
| 260 ## - PUBLICATION, DISTRIBUTION, ETC. | |
| Place of publication, distribution, etc. | [Bogotá] : |
| Name of publisher, distributor, etc. | Edelvives, |
| Date of publication, distribution, etc. | ©2012 |
| 300 ## - PHYSICAL DESCRIPTION | |
| Extent | [14] páginas sin numerar : |
| Other physical details | ilustraciones a color ; |
| Dimensions | 15 cm. |
| 440 ## - SERIES STATEMENT/ADDED ENTRY--TITLE | |
| Title | Texturas |
| 9 (RLIN) | 1989 |
| 500 ## - GENERAL NOTE | |
| General note | Recomenado de 0 a 2 años. |
| 520 ## - SUMMARY, ETC. | |
| Summary, etc. | Una divertida colección de libros de preguntas y descubrimiento para fomentar la atención y la curiosidad de los niños en torno a momentos de su vida diaria, los animales y los personajes de cuentos tradicionales. |
| 546 ## - LANGUAGE NOTE | |
| Language note | spa |
| 650 14 - SUBJECT ADDED ENTRY--TOPICAL TERM | |
| Topical term or geographic name entry element | Álbum infantil |
| 9 (RLIN) | 1990 |
| 942 ## - ADDED ENTRY ELEMENTS (KOHA) | |
| Source of classification or shelving scheme | Dewey Decimal Classification |
| Koha item type | Books |
| Withdrawn status | Lost status | Source of classification or shelving scheme | Damaged status | Not for loan | Collection code | Home library | Current library | Date acquired | Source of acquisition | Cost, normal purchase price | Total Checkouts | Total Renewals | Full call number | Barcode | Date last seen | Date last checked out | Copy number | Koha item type |
|---|---|---|---|---|---|---|---|---|---|---|---|---|---|---|---|---|---|---|
| Dewey Decimal Classification | Fiction | Biblioteca Pública José María del Castillo y Rada | Biblioteca Pública José María del Castillo y Rada | 11/28/2019 | Donación | 0.00 | 40 | 6 | A / JADc | 201808795 | 02/09/2026 | 02/09/2026 | Ej.1 | Books |